Language Quiz

Random Language or Letter Quiz

1-10 Letter E Words Quiz Stats

 Plays Quiz Updated Jul 20, 2015

Challenge
Share
Tweet
Embed
Score 0/10 Timer 02:00
0 Plays Today
Clue E-Word % Correct
The base of the natural logarithme
100%
Event measured on the Richter scaleearthquake
94%
Reflection of sound off of a distant surfaceecho
93.1%
An urban railway, like one in Chicagoel
90.4%
Give something a tentative or approximate valueestimate
88.6%
An oration or praise usually given at a funeraleulogy
87.4%
Moray, conger or electric, e.g.eel
85.7%
A heavy blackish wood or a dark, black color of the same nameebony
80.3%
A legal order against commerce, usually stopping goods from entering portsembargo
65.7%
One who gains energy from being with and talking to peopleextrovert
62.9%

You're not logged in!

Compare scores with friends on all Sporcle quizzes.
OR
Log In

You Might Also Like...

Show Comments

Extras

Top Quizzes Today


Score Distribution

Your Account Isn't Verified!

In order to create a playlist on Sporcle, you need to verify the email address you used during registration. Go to your Sporcle Settings to finish the process.

Report this User

Report this user for behavior that violates our Community Guidelines.

Details: